Vista normal
Vista MARC
Entrada Geographic Name
Número de registros utilizados en: 1
001 - CONTROL NUMBER
- control field: 41316
003 - CONTROL NUMBER IDENTIFIER
- control field: OSt
005 - DATE AND TIME OF LATEST TRANSACTION
- control field: 20230915232200.0
008 - FIXED-LENGTH DATA ELEMENTS
- fixed length control field: 230915|| aca||aabn | a|a d
040 ## - CATALOGING SOURCE
- Original cataloging agency: OSt
- Transcribing agency: OSt
151 ## - HEADING--GEOGRAPHIC NAME
- Geographic name: CARTAGENA DE INDIAS (BOLIVAR, COLOMBIA) - HISTORIA, 1550 - 1810 / CARTAGENA DE INDIAS (BOLIVAR, COLOMBIA) - VIDA SOCIAL Y COSTUMBRES - SIGLO XVII
670 ## - SOURCE DATA FOUND
- Source citation: Work cat.: (OSt)24014: Borrego Pla, María del Carmen 41315, Cartagena de Indias : , 2014